Cooperativismo: teoría y prácticas novedosas /
Las relaciones difíciles entre el gobierno sandinista y el campesinado se han originado en el desconocimiento de la reproducción de la familia campesina. Ello llevó desde el inicio de la revolución a priorizar las formas de producción colectivas, como las cooperativas agrícolas sandinistas, en detri...
Guardat en:
| Autor principal: | |
|---|---|
| Format: | Text |
| Matèries: | |
| Etiquetes: |
Afegir etiqueta
Sense etiquetes, Sigues el primer a etiquetar aquest registre!
|
MARC
| LEADER | 00000 a a2200000 04500 | ||
|---|---|---|---|
| 001 | 12175 | ||
| 003 | |||
| 040 | |||
| 100 | |a Merlet, Michel | ||
| 245 | |a Cooperativismo: |b teoría y prácticas novedosas / |c Michel Merlet | ||
| 520 | |a Las relaciones difíciles entre el gobierno sandinista y el campesinado se han originado en el desconocimiento de la reproducción de la familia campesina. Ello llevó desde el inicio de la revolución a priorizar las formas de producción colectivas, como las cooperativas agrícolas sandinistas, en detrimento de otras formas de organización. En poco tiempo, los errores se han reconocido y, así, se fortalece, a través de la intervención estatal, el apoyo del campesinado a la revolución. Aunque no se dispone aún de una política de cooperativización, varias autoridades sandinistas han mostrado su disposición a no forzar la colectivización de la producción y entregar tierras a los campesinos, aunque sea individualmente. esta nueva orientación de la reforma agraria se produce a partir de 1985. EV?/mb | ||
| 650 | |a CAMPESINADO | ||
| 650 | |a COOPERATIVAS AGRICOLAS | ||
| 650 | |a COOPERATIVAS DE PRODUCCION | ||
| 650 | |a AUTOGESTION DE TRABAJADORES | ||
| 650 | |a REVOLUCION | ||
| 650 | |a REFORMA AGRARIA | ||
| 650 | |a POLITICA AGRARIA | ||
| 650 | |a PROPIEDAD DE LA TIERRA | ||
| 650 | |a COOPERATIVAS AGRICOLAS | ||
| 650 | |a REFORMA AGRARIA | ||
| 773 | |g número 36; 56 p | ||
| 999 | |c 39509 |d 39509 | ||
